El Estado guatemalteco contemporáneo

Guardat en:
Dades bibliogràfiques
Autor principal: Castañeda, G.
Format: Text
Publicat: Tegucigalpa: UNAH
Etiquetes: Afegir etiqueta
Sense etiquetes, Sigues el primer a etiquetar aquest registre!

MARC

LEADER 00000 a a2200000 04500
001 21059
003
040 |a CRAI/IIS  |c CRAI/IIS 
090 |a 091000  
100 |a Castañeda, G.  
245 |a El Estado guatemalteco contemporáneo  
260 |a Tegucigalpa:   |b UNAH  
300 |a 23 p.  
999 |c 6304  |d 6304